000 00652nam a2200241Ia 4500
003 OSt
005 20220918175436.0
006 a|||||r|||| 00| 0
007 ta
008 220917b |||||||| |||| 00| 0 eng d
024 _a17,296
037 _cTextual
040 _aARTS
_cARTS
_beng
041 _2eng
_aeng
082 _aQ2:31-4192.21, M5
100 _aMarglin F A
_953924
245 0 _aWives of the God king
_b The rituals of the Devadasis of puri
260 _aDelhi
_bO U P
_c1985
300 _axv, 388
_ccm.
650 _aRELIGION
942 _hQ2:31-4192.21, M5
_cTEXL
_2CC
999 _c157470
_d157470